Reliability and Safety Engineering

Gespeichert in:
Bibliographische Detailangaben
Hauptverfasser: Verma, Ajit Kumar (Verfasst von), Ajit, Srividya (Verfasst von), Karanki, Durga Rao (Verfasst von)
Format: Buch
Sprache:Englisch
Veröffentlicht: London : Springer Verlag, 2010
Schriftenreihe:Springer Series in Reliability Engineering
Schlagworte:
Tags: Tag hinzufügen
Keine Tags, Fügen Sie das erste Tag hinzu!

MARC

LEADER 00000nam a22000003a 4500
001 stu279394
005 20150617230236.6
008 131205s2010----uk------------------eng-d
040 |a STU  |b slo 
041 0 |a eng 
044 |a uk 
100 1 |a Verma, Ajit Kumar  |4 aut 
245 1 |a Reliability and Safety Engineering 
260 |a London :  |b Springer Verlag,  |c 2010 
300 |a 535 s 
650 7 |a bezpečnosť priemyselných procesov  |2 stusub 
650 7 |a spoľahlivosť výrobných zariadení  |2 stusub 
700 1 |a Ajit, Srividya  |4 aut 
700 1 |a Karanki, Durga Rao  |4 aut 
830 0 |a Springer Series in Reliability Engineering 
996 |b 284M085727  |c M*13628-1  |l MMST  |s A  |a 24  |w stu279394_0001